Fr. Conceicao Rodrigues College of Engineering

Digital Signal Processing:Theory and Lab practice (Record no. 29254)

MARC details
000 -LEADER
fixed length control field 00402nam a2200169Ia 4500
082 ## - DEWEY DECIMAL CLASSIFICATION NUMBER
Classification number 621.3822
Item number RAO
100 ## - MAIN ENTRY--PERSONAL NAME
Personal name Rao/Ganesh D/ Gejji/Vineeta P
250 ## - EDITION STATEMENT
Edition statement 2
245 ## - TITLE STATEMENT
Title Digital Signal Processing:Theory and Lab practice
260 ## - PUBLICATION, DISTRIBUTION, ETC.
Name of publisher, distributor, etc. Pearson Education
Date of publication, distribution, etc. 2008
366 ## - TRADE AVAILABILITY INFORMATION
Publishers's discount category 25
300 ## - PHYSICAL DESCRIPTION
Extent 551
546 ## - LANGUAGE NOTE
Language note ENGLISH
-- PAMPHALETS
650 ## - SUBJECT ADDED ENTRY--TOPICAL TERM
Topical term or geographic name entry element Signal Processing
942 ## - ADDED ENTRY ELEMENTS (KOHA)
Koha item type BOOK
Holdings
Withdrawn status Lost status Damaged status Not for loan Collection Home library Current library Date acquired Source of acquisition Cost, normal purchase price Inventory number Total Checkouts Full call number Barcode Date last seen Cost, replacement price Price effective from Koha item type
        CRC Fr. Agnel's C.Rodrigues College of Engineering Fr. Agnel's C.Rodrigues College of Engineering 17/03/2023 Allied Publishers 337.50 3536 dt 21/03/2012   621.3822 RAO 22038 17/03/2023 450.00   BOOK